00511nam a2200181 a 450000500170000000800410001703500190005810000220007722200330009924500750013230000090020736200240021665300210024065300230026190400150028490500130029999900170031220210219152950.0991125n 000 0 u aUPN010000693791 aLenth, Charles S. aJOURNAL OF GENERAL EDUCATION aThe context and policy requisites of national postsecondary assessment a9-320 a1993 Vol. 42, no. 10 aAVALUO EDUCATIVO0 aPOLITICA EDUCATIVA aACb007190 aArticulo c64956d64956